Normal view
MARC view
Entry Topical Term
001 - CONTROL NUMBER
- control field: 586
003 - CONTROL NUMBER IDENTIFIER
- control field: BD-RjUL
005 - DATE AND TIME OF LATEST TRANSACTION
- control field: 20220109105858.0
008 - FIXED-LENGTH DATA ELEMENTS
- fixed length control field: 220109|| aca||aabn | a|a d
040 ## - CATALOGING SOURCE
- Original cataloging agency: BD-RjUL
- Transcribing agency: BD-RjUL
150 ## - HEADING--TOPICAL TERM
- Topical term or geographic name entry element: Tipura (Indic people)
- Geographic subdivision: Bangladesh
- General subdivision: History
670 ## - SOURCE DATA FOUND
- Source citation: Work cat.: (BD-RjUL)79134: Majida, Mustāphā. 585, Tripurā jāti paricaẏa /, 2008.